| 000 | 00730nam a2200253Ia 4500 | ||
|---|---|---|---|
| 003 | OSt | ||
| 005 | 20220925220531.0 | ||
| 006 | a|||||r|||| 00| 0 | ||
| 007 | ta | ||
| 008 | 220923b |||||||| |||| 00| 0 eng d | ||
| 020 | _a033352036X | ||
| 037 | _cGeneral Book | ||
| 040 |
_aRTL _cRTL _beng |
||
| 041 |
_2eng _aeng |
||
| 082 | _aX:54.580k1(X).N8, N0 | ||
| 100 |
_aBrun Ellen _9284977 |
||
| 245 | 0 | _aSoviet third world relaions in a capitalist world | |
| 260 |
_aLondon _bMacmillan _c1990 |
||
| 300 |
_ax,335p _ccm. |
||
| 650 | _aInternational Trade | ||
| 700 |
_a Hersh Jacques _9284978 |
||
| 942 |
_hX:54.580k1(X).N8, N0 _cGB _2CC |
||
| 999 |
_c571739 _d571739 |
||